000
00197nam a22000857a 4500
001
1238842
005
20251006124749.0
245
_a
RAHMET İZLERİ
_c
SEYİT N. TOKSÖZLÜ
260
_b
YUNUS EMRE GRAFİK
999
_c
1238842
_d
1238842